|
|
|
|
| LEADER |
00936nam a2200253 4500 |
| 001 |
DLU120144367 |
| 005 |
##20121203 |
| 040 |
# |
# |
|a DLU
|b vie
|
| 041 |
# |
# |
|a vie
|
| 044 |
# |
# |
|a vn
|
| 100 |
# |
# |
|a Nguyễn Thanh Liêm.
|
| 245 |
# |
# |
|a Nghiên cứu thực trạng thể chất và thành tích chạy cự ly trung bình của giáo sinh trường cao đẳng sư phạm Tây Ninh /
|c Nguyễn Thanh Liêm, Huỳnh Minh Thiện, Hồ Hoàng An.
|
| 700 |
# |
# |
|a Hồ Hoàng An
|
| 700 |
# |
# |
|a Huỳnh Minh Thiện
|
| 773 |
# |
# |
|t Tuyển tập nghiên cứu khoa học giáo dục sức khỏe, thể chất trong nhà trường các cấp,
|g 1993, tr. 177-178
|
| 920 |
# |
# |
|a Phòng Tạp chí -- Trung tâm Thông tin - Thư viện Trường Đại học Đà Lạt
|
| 994 |
# |
# |
|a DLU
|
| 900 |
# |
# |
|a True
|
| 911 |
# |
# |
|a Nguyễn Thị Mai Anh
|
| 925 |
# |
# |
|a G
|
| 926 |
# |
# |
|a A
|
| 927 |
# |
# |
|a BB
|
| 980 |
# |
# |
|a Thư viện Trường Đại học Đà Lạt
|